Elliptic regularization and partial regularity for motion by mean curvature

Αποθηκεύτηκε σε:
Λεπτομέρειες βιβλιογραφικής εγγραφής
Κύριος συγγραφέας: Ilmanen, Tom 1961-
Μορφή: Βιβλίο
Γλώσσα:English
Δημοσίευση: Providence, Rhode island : American Mathematical Society, c1994
Σειρά:Memoirs of the American Mathematical Society ; ; 520
Θέματα:
Ετικέτες: Προσθήκη ετικέτας
Δεν υπάρχουν, Καταχωρήστε ετικέτα πρώτοι!

MARC

LEADER 00000nam a2200000 i 4500
001 1/90625
008 990928s1994 eng d
020 |a 0821825828 
035 |l 10053191 
040 |a GR-MY-UA  |b gre  |e aacr 
041 0 |a eng 
082 0 |a 516.362 
100 1 |a Ilmanen, Tom  |d 1961- 
245 1 0 |a Elliptic regularization and partial regularity for motion by mean curvature /  |c Tom Ilmaren 
260 |a Providence, Rhode island :   |b American Mathematical Society,   |c c1994 
300 |a ix, 90 p.;  |b ill.;  |c 26 cm. 
490 1 |a Memoirs of the American Mathematical Society  |v ; 520 
500 |a Includes bibliographical references 
500 |a Volume 108, number 520 (end of volume) 
650 0 0 |a Geometric measure theory. 
650 0 0 |a Surfaces of constant curvature. 
830 0 |a Memoirs of the American Mathematical Society ;  |v ; 520 
852 |a INST  |b SAMOS  |e 19990928  |h 516.362 ILM  |p 005300012431  |q 005300012431  |t BK  |y 0 
901 |a BIBL3-1999-3 
909 |a Σ  |b 063346 
922 |a 3ΕΛΗ  |b 199907  |c ΕΠΕΑΕΚ/ΜΑΘ  |d ΠΑΠΑΣΩΤΗΡΙΟΥ 
970 |a ΓΕΝΟΥΖΟΥ  |b ΧΡΥΣΑΝΘΗ  |z 1999/09/28